[Event "USA-ch13 prel 04 corr"]
[Site "USA"]
[Date "1996.06.24"]
[Round "?"]
[White "Jempty, Georges"]
[Black "Brandhorst, Wesley Ted"]
[Result "0-1"]
[WhiteElo "2016"]
[BlackElo "2110"]
[PlyCount "28"]
[EventDate "1996.??.??"]
[EventType "tourn (corr)"]
[EventRounds "9"]
[EventCountry "USA"]
[SourceTitle "Corr 2006"]
[Source "ChessBase"]
[SourceDate "2006.04.01"]
[SourceVersion "3"]
[SourceVersionDate "2006.04.01"]
[SourceQuality "1"]

1. e4 d5 2. exd5 Qxd5 3. Nc3 Qa5 4. Bc4 Nf6 5. d3 c6 6. Bd2 Qb6 7. Bb3 Bg4 8. f3 Bf5 9. Qe2 e6 10. g4 Bg6 11. h4 h6 12. Nh3 Bd6 13. f4 Kd7 14. h5 Bh7 0-1

[Event "USA-ch13 prel 04 corr"]
[Site "USA"]
[Date "1996.06.24"]
[Round "?"]
[White "Jempty, Georges"]
[Black "Simon, Julius Henry"]
[Result "0-1"]
[WhiteElo "2016"]
[BlackElo "2160"]
[PlyCount "36"]
[EventDate "1996.??.??"]
[EventType "tourn (corr)"]
[EventRounds "9"]
[EventCountry "USA"]
[SourceTitle "Corr 2006"]
[Source "ChessBase"]
[SourceDate "2006.04.01"]
[SourceVersion "3"]
[SourceVersionDate "2006.04.01"]
[SourceQuality "1"]

1. e4 e6 2. d4 d5 3. exd5 exd5 4. Bd3 Nc6 5. c3 Bd6 6. Ne2 Nf6 7. Bg5 0-0 8. Qc2 h6 9. Bh4 Bg4 10. f3 Bd7 11. Nd2 Re8 12. 0-0-0 a5 13. Rde1 a4 14. Bf5 Bxf5 15. Qxf5 Ne7 16. Qh3 Ng6 17. Bg3 Re3 18. Nf1 Re6 0-1

[Event "USA-ch13 prel 04 corr"]
[Site "USA"]
[Date "1996.06.24"]
[Round "?"]
[White "Jempty, Georges"]
[Black "Stopa, John Russell"]
[Result "0-1"]
[WhiteElo "2016"]
[BlackElo "2234"]
[PlyCount "26"]
[EventDate "1996.??.??"]
[EventType "tourn (corr)"]
[EventRounds "9"]
[EventCountry "USA"]
[SourceTitle "Corr 2006"]
[Source "ChessBase"]
[SourceDate "2006.04.01"]
[SourceVersion "3"]
[SourceVersionDate "2006.04.01"]
[SourceQuality "1"]

1. e4 e5 2. Nc3 Nc6 3. f4 Bc5 4. Nf3 d6 5. Bc4 Nf6 6. d3 0-0 7. Na4 Bb6 8. Nxb6 axb6 9. fxe5 dxe5 10. Bg5 Qd6 11. a3 Bg4 12. h3 Bxf3 13. Qxf3 b5 0-1